| 000 | 00351nam a2200133Ia 4500 | ||
|---|---|---|---|
| 005 | 20260328104315.0 | ||
| 008 | 260328s9999||||xx |||||||||||||| ||und|| | ||
| 100 | _aJoedicke, Jürgen | ||
| 245 | 0 |
_aArchitektur in Deutschland ´87 / _cJürgen Joedicke |
|
| 260 | _bKarl Kramer | ||
| 300 | _a111 p. | ||
| 650 | _aEDIFICACIONES ESCOLARES | ||
| 942 | _cBK | ||
| 999 |
_c11107 _d11107 |
||